Countries - Sudden Death - Statistics

General Stats
  • This quiz has been taken 427 times
    300 since last reset
  • The average score is 11 of 18
Answers on the Grid
Answers color-coded by a green-red scale on the quiz's grid according to % correct below.
Algeria
Australia
Azerbaijan
Bahrain
Belgium
Benin
England
Falkland Islands
Finland
Georgia
Greenland
Guinea- Bissau
Jordan
Kirgyrzystan
Korea
Libya
Lituanya
Mexico
Mozambique
Nepal
North Macedonia
Panama
South Macedonia
Tanzania
Tashkentistan
Tasmania
Texas
Tokelau
United Kingdom
Vanautu
 
Answer Stats
Answer % Correct
Algeria
96%
Australia
90%
Belgium
89%
Azerbaijan
83%
Bahrain
80%
Finland
80%
Benin
79%
Georgia
70%
Guinea- Bissau
64%
Jordan
63%
Libya
51%
North Macedonia
45%
Mexico
42%
Panama
39%
Tanzania
39%
Mozambique
38%
Nepal
38%
United Kingdom
36%
No matching quizzes found
Score Distribution
Percent of People with Each Score
Percentile by Number Answered
Your Score History
You have not taken this quiz since the last reset